| 000 -LEADER |
| fixed length control field |
00733nam a2200253 a 4500 |
| 005 - DATE AND TIME OF LATEST TRANSACTION |
| control field |
20131029052713.0 |
| 008 - FIXED-LENGTH DATA ELEMENTS--GENERAL INFORMATION |
| fixed length control field |
840210s1983 nyua b 001 0 eng |
| 020 ## - INTERNATIONAL STANDARD BOOK NUMBER |
| International Standard Book Number |
0801416620 |
| 020 ## - INTERNATIONAL STANDARD BOOK NUMBER |
| International Standard Book Number |
0801492637 |
| 041 0# - LANGUAGE CODE |
| Language code of text/sound track or separate title |
eng |
| 080 ## - UNIVERSAL DECIMAL CLASSIFICATION NUMBER |
| Universal Decimal Classification number |
327.39 |
| 100 1# - Rafti |
| Rafti |
Gellner, Ernest. |
| 245 10 - TITLE STATEMENT |
| Title |
Nations and nationalism / |
| Statement of responsibility, etc |
Ernest Gellner. |
| 260 ## - |
| -- |
Ithaca : |
| -- |
Cornell University Press, |
| -- |
1983. |
| 300 ## - |
| -- |
viii, 150 p. : |
| -- |
ill. ; |
| -- |
23 cm. |
| 440 #0 - |
| -- |
New perspectives on the past |
| 500 ## - |
| -- |
Editor's Preface : f. [VII] - VIII |
| 500 ## - |
| -- |
Includes index. |
| 504 ## - BIBLIOGRAPHY, ETC. NOTE |
| Bibliography, etc |
Bibliography: p. [144]-145. |
| 650 #0 - |
| -- |
Nacionalizmi |
| 650 #0 - |
| -- |
Marrëdhënie ndërkombëtare |
| 650 #0 - |
| -- |
Industrializimi |
| 942 ## - ADDED ENTRY ELEMENTS (KOHA) |
| Source of classification or shelving scheme |
|
| Item type |
Books |